[Event "Bogota McGregor op 2nd"]
[Site "Bogota"]
[Date "2011.12.07"]
[Round "3"]
[White "Salcedo, Diana"]
[Black "Villegas, Jeisson Steven"]
[Result "0-1"]
[WhiteElo "2010"]
[BlackElo "1695"]
[PlyCount "58"]
[EventDate "2011.12.06"]
[EventType "swiss"]
[EventRounds "10"]
[EventCountry "COL"]
[SourceTitle "CBM 145 Extra"]
[Source "ChessBase"]
[SourceDate "2012.01.03"]
[SourceVersion "1"]
[SourceVersionDate "2012.01.03"]
[SourceQuality "1"]

1. c4 Nf6 2. Nc3 g6 3. d4 d5 4. e3 Bg7 5. Nf3 0-0 6. Bd3 c5 7. cxd5 Nxd5 8. Bc4 Nb6 9. Bb3 Bg4 10. 0-0 Nc6 11. dxc5 Nd7 12. h3 Bxf3 13. Qxf3 Nxc5 14. Bc2 e6 15. Ne4 Nd7 16. Bd2 Nb6 17. Rfd1 Qe7 18. Rab1 Rfd8 19. Nc3 Ne5 20. Qe2 Nec4 21. e4 Rac8 22. Be3 Nxe3 23. Qxe3 Nc4 24. Qxa7 Nd2 25. Rbc1 Nc4 26. Rxd8+ Rxd8 27. b3 Na3 28. Qe3 Qh4 29. e5 Bh6 0-1

[Event "Cali op-C 11th"]
[Site "Cali"]
[Date "2009.12.29"]
[Round "6.15"]
[White "Moreno, Victor1111"]
[Black "Villegas, Jeisson Steven"]
[Result "1-0"]
[WhiteElo "1613"]
[BlackElo "1672"]
[PlyCount "65"]
[EventDate "2009.12.26"]
[EventType "swiss"]
[EventRounds "8"]
[EventCountry "COL"]
[SourceTitle "EXT 2024"]
[Source "ChessBase"]
[SourceDate "2023.10.10"]
[SourceVersion "1"]
[SourceVersionDate "2023.10.10"]
[SourceQuality "1"]

1. e4 e6 2. Nf3 d5 3. e5 c5 4. d4 Qb6 5. c3 Bd7 6. Be2 Bb5 7. 0-0 Bxe2 8. Qxe2 Qa6 9. Qd2 Nh6 10. Qg5 Qd3 11. Na3 Nc6 12. Be3 Qf5 13. Nb5 Rc8 14. Nd6+ Bxd6 15. Qxg7 Rg8 16. Qxh6 Qxf3 17. g3 Be7 18. Qxh7 Kd7 19. Qh3 Rh8 20. Qg2 Qg4 21. f3 Qf5 22. Rad1 cxd4 23. cxd4 Nb4 24. Qe2 Qh3 25. Rf2 Rc2 26. Qb5+ Kd8 27. Bd2 Rxb2 28. a3 Kc8 29. axb4 Rg8 30. Rc1+ Kb8 31. Qd7 a5 32. Qxe7 axb4 33. Qc7+ 1-0

[Event "Cali op-C 11th"]
[Site "Cali"]
[Date "2009.12.29"]
[Round "7.21"]
[White "Villegas, Jeisson Steven"]
[Black "Andrade, Juan Antonio"]
[Result "1-0"]
[WhiteElo "1672"]
[BlackElo "1600"]
[PlyCount "39"]
[EventDate "2009.12.26"]
[EventType "swiss"]
[EventRounds "8"]
[EventCountry "COL"]
[SourceTitle "EXT 2024"]
[Source "ChessBase"]
[SourceDate "2023.10.10"]
[SourceVersion "1"]
[SourceVersionDate "2023.10.10"]
[SourceQuality "1"]

1. e4 e5 2. Nf3 Nc6 3. d4 exd4 4. Nxd4 Nf6 5. Nxc6 bxc6 6. e5 Nd5 7. c4 Nb6 8. Bd3 Be7 9. 0-0 d6 10. Bf4 Be6 11. Qf3 d5 12. cxd5 cxd5 13. Nc3 0-0 14. Qg3 g6 15. Bh6 c6 16. Bxf8 Bxf8 17. f4 Bg7 18. f5 gxf5 19. Bxf5 Bxf5 20. Rxf5 1-0

[Event "Cali op-C 11th"]
[Site "Cali"]
[Date "2009.12.26"]
[Round "1.5"]
[White "Villegas, Jeisson Steven"]
[Black "Gomez, Ernesto"]
[Result "1/2-1/2"]
[WhiteElo "1672"]
[BlackElo "1600"]
[PlyCount "91"]
[EventDate "2009.12.26"]
[EventType "swiss"]
[EventRounds "8"]
[EventCountry "COL"]
[SourceTitle "EXT 2024"]
[Source "ChessBase"]
[SourceDate "2023.10.10"]
[SourceVersion "1"]
[SourceVersionDate "2023.10.10"]
[SourceQuality "1"]

1. e4 c5 2. c3 d6 3. d4 cxd4 4. cxd4 Nf6 5. Nc3 e6 6. Nf3 Be7 7. Bd3 a6 8. 0-0 Nc6 9. a3 b5 10. b4 Bb7 11. Re1 Rc8 12. Bb2 0-0 13. Rc1 Qb6 14. d5 Ne5 15. Nxe5 dxe5 16. Qf3 exd5 17. Nxd5 Nxd5 18. exd5 Rxc1 19. Bxc1 Qd6 20. Qf5 g6 21. Qxe5 Qxe5 22. Rxe5 Bd6 23. Re1 Bxd5 24. f3 Be6 25. Be4 Bc7 26. Bh6 Rd8 27. Bb7 a5 28. Bc6 axb4 29. axb4 Bc4 30. Re8+ Rxe8 31. Bxe8 Bd6 32. Bd2 f5 33. Kf2 Kf8 34. Bc6 Ke7 35. h3 Ke6 36. Ke3 f4+ 37. Ke4 Bf1 38. Bxf4 Bxb4 39. g3 Bc5 40. h4 b4 41. Bd5+ Kf6 42. Bb3 Bb5 43. Bg5+ Kg7 44. Be6 Bc6+ 45. Kf4 h6 46. Bd8 1/2-1/2

[Event "Eje Cafetero Region 3rd"]
[Site "Eje Cafetero"]
[Date "2009.03.21"]
[Round "2.11"]
[White "Grajales, Rubiel"]
[Black "Villegas, Jeisson Steven"]
[Result "1-0"]
[WhiteElo "1887"]
[BlackElo "1661"]
[PlyCount "45"]
[EventDate "2009.03.21"]
[EventType "swiss"]
[EventRounds "7"]
[EventCountry "COL"]
[SourceTitle "EXT 2024"]
[Source "ChessBase"]
[SourceDate "2023.10.10"]
[SourceVersion "1"]
[SourceVersionDate "2023.10.10"]
[SourceQuality "1"]

1. d4 Nf6 2. Nf3 g6 3. c4 Bg7 4. Nc3 0-0 5. e4 d6 6. Be2 e5 7. dxe5 dxe5 8. Qxd8 Rxd8 9. Nd5 Na6 10. Bg5 Rd6 11. Bxf6 Bxf6 12. 0-0-0 Bg7 13. h3 f5 14. Kb1 fxe4 15. Ng5 h6 16. Nxe4 Bf5 17. Bd3 Rad8 18. g4 Be6 19. a3 c6 20. Ne3 Bf7 21. h4 Nc7 22. h5 Ne6 23. Nxd6 1-0